00241nam a2200097Ia 4500008004100000100000900041245004400050260002500094942000700119999001700126190216s9999||||xx |||||||||||||| ||und|| aNull 0aHindi-Lookman Ali Thana Anya Kavithayam bHindi Sahithya Sadan cBK c17818d17818